000 01045nam a22002057a 4500
999 _c62887
_d62887
003 Ge_BSU
005 20250317104353.0
008 250317s1970 ge ||||| |||| 00| 0 geo d
041 _ageo
080 _a616.33/34-053.2 ბ-82
100 _aბოკერია, მარიამ
_924572
245 _aკუჭ-ნაწლავის ზოგიერთი მწვავე დაავადება ადრეული ასაკის ბავშვებში /
_c მარიამ ბოკერია, გურამ ნიჟარაძე.
264 _aთბილისი :
_b საბჭ. საქართველო,
_c1970.
300 _a248 გვ. :
_b ილ. ;
_c 20 სმ.
504 _aბიბლიოგრაფია: გვ. 238-247.
653 _aკუჭ-ნაწლავის დაავადებები ბავშვებში
653 _aმედიცინა
700 _aნიჟარაძე, გურამ
_eავტორი
_922258
942 _2udc
_cBK